|
|
|
|
| LEADER |
00000nam a2200000 i 4500 |
| 001 |
1/106146 |
| 008 |
110919r20082004 eng d |
| 020 |
|
|
|a 0582848873
|q (χαρτόδετο)
|
| 035 |
|
|
|l 10110847
|
| 040 |
|
|
|a GR-MY-UA
|b gre
|e aacr
|
| 041 |
0 |
|
|a eng
|
| 082 |
0 |
|
|a 428.202465
|2 (22)
|
| 100 |
1 |
|
|a Tullis, Graham.
|
| 245 |
1 |
0 |
|a New insights into business :
|b students' book /
|c Graham Tullis and Tonya Trappe.
|
| 260 |
|
|
|a Essex, England :
|b Longman,
|c 2008.
|
| 300 |
|
|
|a 176 σ. :
|b εικ. ;
|c 28 εκ.
|
| 500 |
|
|
|a "We would like to dedicate this book to the memory of our co-author and close friend Michael Lannon".
|
| 500 |
|
|
|a New revision units in workbook for exam preparation.
|
| 504 |
|
|
|a Ευρετήριο: σ.172-175.
|
| 650 |
0 |
0 |
|a English language
|x Business English.
|
| 650 |
0 |
0 |
|a Business education
|z Great Britain.
|
| 700 |
1 |
|
|a Trappe, Tonya.
|
| 852 |
|
|
|a INST
|b CHIOS
|e 20110930
|h 428.202465 TUL
|p 005200033502
|q 005200033502
|t TNEY
|y 0
|
| 852 |
|
|
|a INST
|b CHIOS
|e 20110930
|h 428.202465 TUL
|p 005200033503
|q 005200033503
|t TNEY
|y 4
|x 20200215
|
| 852 |
|
|
|a INST
|b CHIOS
|e 20110930
|h 428.202465 TUL
|p 005200033504
|q 005200033504
|t TNEY
|y 4
|x 20160219
|
| 852 |
|
|
|a INST
|b CHIOS
|e 20110930
|h 428.202465 TUL
|p 005200033505
|q 005200033505
|t TNEY
|y 0
|
| 852 |
|
|
|a INST
|b CHIOS
|e 20110930
|h 428.202465 TUL
|p 005200033506
|q 005200033506
|t TNEY
|y 0
|
| 852 |
|
|
|a INST
|b CHIOS
|e 20110930
|h 428.202465 TUL
|p 005200033507
|q 005200033507
|t TNEY
|y 12
|
| 852 |
|
|
|a INST
|b CHIOS
|e 20110930
|h 428.202465 TUL
|p 005200033508
|q 005200033508
|t TNEY
|y 4
|x 20140131
|
| 852 |
|
|
|a INST
|b CHIOS
|e 20110930
|h 428.202465 TUL
|p 005200033509
|q 005200033509
|t TNEY
|y 4
|x 20200215
|
| 852 |
|
|
|a INST
|b CHIOS
|e 20110930
|h 428.202465 TUL
|p 005200033510
|q 005200033510
|t TNEY
|y 4
|x 20130220
|
| 852 |
|
|
|a INST
|b CHIOS
|e 20110930
|h 428.202465 TUL
|p 005200033511
|q 005200033511
|t TNEY
|y 0
|
| 852 |
|
|
|a INST
|b CHIOS
|e 20110930
|h 428.202465 TUL
|p 005200033512
|q 005200033512
|t TNEY
|y 0
|
| 852 |
|
|
|a INST
|b CHIOS
|e 20110930
|h 428.202465 TUL
|p 005200033513
|q 005200033513
|t TNEY
|y 4
|x 20200215
|
| 852 |
|
|
|a INST
|b CHIOS
|e 20110930
|h 428.202465 TUL
|p 005200033514
|q 005200033514
|t TNEY
|y 4
|x 20200215
|
| 852 |
|
|
|a INST
|b CHIOS
|e 20110930
|h 428.202465 TUL
|p 005200033515
|q 005200033515
|t TNEY
|y 4
|x 20200215
|
| 852 |
|
|
|a INST
|b CHIOS
|e 20110930
|h 428.202465 TUL
|p 005200033516
|q 005200033516
|t TNEY
|y 4
|x 20200215
|
| 852 |
|
|
|a INST
|b CHIOS
|e 20110930
|h 428.202465 TUL
|p 005200033517
|q 005200033517
|t TNEY
|y 4
|x 20200215
|
| 852 |
|
|
|a INST
|b CHIOS
|e 20110930
|h 428.202465 TUL
|p 005200033518
|q 005200033518
|t TNEY
|y 4
|x 20200215
|
| 852 |
|
|
|a INST
|b CHIOS
|e 20110930
|h 428.202465 TUL
|p 005200033519
|q 005200033519
|t TNEY
|y 0
|
| 852 |
|
|
|a INST
|b CHIOS
|e 20110930
|h 428.202465 TUL
|p 005200033520
|q 005200033520
|t TNEY
|y 4
|x 20200215
|
| 852 |
|
|
|a INST
|b CHIOS
|e 20110930
|h 428.202465 TUL
|p 005200033521
|q 005200033521
|t TNEY
|y 4
|x 20140131
|
| 852 |
|
|
|a INST
|b CHIOS
|e 20110930
|h 428.202465 TUL
|p 005200033522
|q 005200033522
|t TNEY
|y 0
|
| 852 |
|
|
|a INST
|b CHIOS
|e 20110929
|h 428.202465 TUL
|p 005200033523
|q 005200033523
|t TNEY
|y 4
|x 20150216
|
| 852 |
|
|
|a INST
|b CHIOS
|e 20110929
|h 428.202465 TUL
|p 005200033524
|q 005200033524
|t TNEY
|y 4
|x 20170228
|
| 852 |
|
|
|a INST
|b CHIOS
|e 20110930
|h 428.202465 TUL
|p 005200033525
|q 005200033525
|t TNEY
|y 4
|x 20130220
|
| 852 |
|
|
|a INST
|b CHIOS
|e 20110930
|h 428.202465 TUL
|p 005200033526
|q 005200033526
|t TNEY
|y 4
|x 20150216
|
| 852 |
|
|
|a INST
|b CHIOS
|e 20110930
|h 428.202465 TUL
|p 005200033527
|q 005200033527
|t TNEY
|y 4
|x 20150216
|
| 852 |
|
|
|a INST
|b CHIOS
|e 20110930
|h 428.202465 TUL
|p 005200033528
|q 005200033528
|t TNEY
|y 4
|x 20200215
|
| 852 |
|
|
|a INST
|b CHIOS
|e 20110930
|h 428.202465 TUL
|p 005200033529
|q 005200033529
|t TNEY
|y 4
|x 20190228
|
| 852 |
|
|
|a INST
|b CHIOS
|e 20110930
|h 428.202465 TUL
|p 005200033530
|q 005200033530
|t TNEY
|y 4
|x 20120215
|
| 852 |
|
|
|a INST
|b CHIOS
|e 20110930
|h 428.202465 TUL
|p 005200033531
|q 005200033531
|t TNEY
|y 0
|
| 852 |
|
|
|a INST
|b CHIOS
|e 20110930
|h 428.202465 TUL
|p 005200033532
|q 005200033532
|t TNEY
|y 4
|x 20160219
|
| 852 |
|
|
|a INST
|b CHIOS
|e 20110929
|h 428.202465 TUL
|p 005200033533
|q 005200033533
|t TNEY
|y 4
|x 20200215
|
| 852 |
|
|
|a INST
|b CHIOS
|e 20110929
|h 428.202465 TUL
|p 005200033534
|q 005200033534
|t TNEY
|y 4
|x 20150216
|
| 852 |
|
|
|a INST
|b CHIOS
|e 20110929
|h 428.202465 TUL
|p 005200033535
|q 005200033535
|t TNEY
|y 4
|x 20190228
|
| 852 |
|
|
|a INST
|b CHIOS
|e 20110929
|h 428.202465 TUL
|p 005200033536
|q 005200033536
|t TNEY
|y 4
|x 20200215
|
| 852 |
|
|
|a INST
|b CHIOS
|e 20110929
|h 428.202465 TUL
|p 005200033537
|q 005200033537
|t TNEY
|y 4
|x 20200215
|
| 852 |
|
|
|a INST
|b CHIOS
|e 20110929
|h 428.202465 TUL
|p 005200033538
|q 005200033538
|t TNEY
|y 4
|x 20150216
|
| 852 |
|
|
|a INST
|b CHIOS
|e 20110929
|h 428.202465 TUL
|p 005200033542
|q 005200033542
|t TNEY
|y 0
|
| 852 |
|
|
|a INST
|b CHIOS
|e 20110929
|h 428.202465 TUL
|p 005200033572
|q 005200033572
|t TNEY
|y 4
|x 20200215
|
| 852 |
|
|
|a INST
|b CHIOS
|e 20110929
|h 428.202465 TUL
|p 005200033573
|q 005200033573
|t TNEY
|y 0
|
| 852 |
|
|
|a INST
|b CHIOS
|e 20110929
|h 428.202465 TUL
|p 005200033574
|q 005200033574
|t TNEY
|y 4
|x 20120330
|
| 852 |
|
|
|a INST
|b CHIOS
|e 20110929
|h 428.202465 TUL
|p 005200033575
|q 005200033575
|t TNEY
|y 4
|x 20180228
|
| 852 |
|
|
|a INST
|b CHIOS
|e 20110929
|h 428.202465 TUL
|p 005200033576
|q 005200033576
|t TNEY
|y 4
|x 20200215
|
| 852 |
|
|
|a INST
|b CHIOS
|e 20110929
|h 428.202465 TUL
|p 005200033577
|q 005200033577
|t TNEY
|y 4
|x 20150216
|
| 852 |
|
|
|a INST
|b CHIOS
|e 20110929
|h 428.202465 TUL
|p 005200033578
|q 005200033578
|t TNEY
|y 4
|x 20170228
|
| 852 |
|
|
|a INST
|b CHIOS
|e 20110929
|h 428.202465 TUL
|p 005200033579
|q 005200033579
|t TNEY
|y 4
|x 20200215
|
| 852 |
|
|
|a INST
|b CHIOS
|e 20110929
|h 428.202465 TUL
|p 005200033580
|q 005200033580
|t TNEY
|y 4
|x 20200215
|
| 852 |
|
|
|a INST
|b CHIOS
|e 20110929
|h 428.202465 TUL
|p 005200033581
|q 005200033581
|t TNEY
|y 0
|
| 852 |
|
|
|a INST
|b CHIOS
|e 20110929
|h 428.202465 TUL
|p 005200033582
|q 005200033582
|t TNEY
|y 4
|x 20200215
|
| 852 |
|
|
|a INST
|b CHIOS
|e 20110929
|h 428.202465 TUL
|p 005200033583
|q 005200033583
|t TNEY
|y 0
|
| 852 |
|
|
|a INST
|b CHIOS
|e 20110929
|h 428.202465 TUL
|p 005200033584
|q 005200033584
|t TNEY
|y 4
|x 20200215
|
| 852 |
|
|
|a INST
|b CHIOS
|e 20110929
|h 428.202465 TUL
|p 005200033585
|q 005200033585
|t TNEY
|y 4
|x 20160219
|
| 852 |
|
|
|a INST
|b CHIOS
|e 20110929
|h 428.202465 TUL
|p 005200033586
|q 005200033586
|t TNEY
|y 4
|x 20190228
|
| 852 |
|
|
|a INST
|b CHIOS
|e 20110929
|h 428.202465 TUL
|p 005200033587
|q 005200033587
|t TNEY
|y 4
|x 20190228
|
| 852 |
|
|
|a INST
|b CHIOS
|e 20110929
|h 428.202465 TUL
|p 005200033588
|q 005200033588
|t TNEY
|y 0
|
| 852 |
|
|
|a INST
|b CHIOS
|e 20110929
|h 428.202465 TUL
|p 005200033589
|q 005200033589
|t TNEY
|y 4
|x 20200215
|
| 852 |
|
|
|a INST
|b CHIOS
|e 20110929
|h 428.202465 TUL
|p 005200033590
|q 005200033590
|t TNEY
|y 4
|x 20200215
|
| 852 |
|
|
|a INST
|b CHIOS
|e 20110929
|h 428.202465 TUL
|p 005200033591
|q 005200033591
|t TNEY
|y 4
|x 20200215
|
| 852 |
|
|
|a INST
|b CHIOS
|e 20110929
|h 428.202465 TUL
|p 005200033592
|q 005200033592
|t TNEY
|y 4
|x 20200228
|
| 852 |
|
|
|a INST
|b CHIOS
|e 20110929
|h 428.202465 TUL
|p 005200033593
|q 005200033593
|t TNEY
|y 4
|x 20200215
|
| 852 |
|
|
|a INST
|b CHIOS
|e 20110929
|h 428.202465 TUL
|p 005200033594
|q 005200033594
|t TNEY
|y 4
|x 20150216
|
| 852 |
|
|
|a INST
|b CHIOS
|e 20110929
|h 428.202465 TUL
|p 005200033595
|q 005200033595
|t TNEY
|y 4
|x 20180228
|
| 852 |
|
|
|a INST
|b CHIOS
|e 20110929
|h 428.202465 TUL
|p 005200033596
|q 005200033596
|t TNEY
|y 4
|x 20200215
|
| 852 |
|
|
|a INST
|b CHIOS
|e 20110929
|h 428.202465 TUL
|p 005200033597
|q 005200033597
|t TNEY
|y 4
|x 20200215
|
| 852 |
|
|
|a INST
|b CHIOS
|e 20110929
|h 428.202465 TUL
|p 005200033598
|q 005200033598
|t TNEY
|y 4
|x 20170228
|
| 852 |
|
|
|a INST
|b CHIOS
|e 20110929
|h 428.202465 TUL
|p 005200033599
|q 005200033599
|t TNEY
|y 4
|x 20200215
|
| 852 |
|
|
|a INST
|b CHIOS
|e 20110929
|h 428.202465 TUL
|p 005200033600
|q 005200033600
|t TNEY
|y 4
|x 20200215
|
| 852 |
|
|
|a INST
|b CHIOS
|e 20110929
|h 428.202465 TUL
|p 005200033601
|q 005200033601
|t TNEY
|y 4
|x 20200215
|
| 852 |
|
|
|a INST
|b CHIOS
|e 20110929
|h 428.202465 TUL
|p 005200033602
|q 005200033602
|t TNEY
|y 4
|x 20200215
|
| 852 |
|
|
|a INST
|b CHIOS
|e 20110929
|h 428.202465 TUL
|p 005200033603
|q 005200033603
|t TNEY
|y 4
|x 20160219
|
| 852 |
|
|
|a INST
|b CHIOS
|e 20110929
|h 428.202465 TUL
|p 005200033604
|q 005200033604
|t TNEY
|y 4
|x 20200215
|
| 852 |
|
|
|a INST
|b CHIOS
|e 20110929
|h 428.202465 TUL
|p 005200033605
|q 005200038398
|t TNEY
|y 0
|
| 852 |
|
|
|a INST
|b CHIOS
|e 20110929
|h 428.202465 TUL
|p 005200033606
|q 005200033606
|t TNEY
|y 4
|x 20140131
|
| 852 |
|
|
|a INST
|b CHIOS
|e 20110929
|h 428.202465 TUL
|p 005200033607
|q 005200033607
|t TNEY
|y 4
|x 20200215
|
| 852 |
|
|
|a INST
|b CHIOS
|e 20110929
|h 428.202465 TUL
|p 005200033608
|q 005200033608
|t TNEY
|y 4
|x 20180228
|
| 852 |
|
|
|a INST
|b CHIOS
|e 20110929
|h 428.202465 TUL
|p 005200033609
|q 005200033609
|t TNEY
|y 0
|
| 852 |
|
|
|a INST
|b CHIOS
|e 20110929
|h 428.202465 TUL
|p 005200033610
|q 005200033610
|t TNEY
|y 4
|x 20200215
|
| 852 |
|
|
|a INST
|b CHIOS
|e 20110929
|h 428.202465 TUL
|p 005200033611
|q 005200033611
|t TNEY
|y 4
|x 20190228
|
| 852 |
|
|
|a INST
|b CHIOS
|e 20110929
|h 428.202465 TUL
|p 005200033612
|q 005200033612
|t TNEY
|y 4
|x 20200215
|
| 852 |
|
|
|a INST
|b CHIOS
|e 20110929
|h 428.202465 TUL
|p 005200033613
|q 005200033613
|t TNEY
|y 4
|x 20150216
|
| 852 |
|
|
|a INST
|b CHIOS
|e 20110929
|h 428.202465 TUL
|p 005200033614
|q 005200033614
|t TNEY
|y 620
|
| 852 |
|
|
|a INST
|b CHIOS
|e 20110930
|h 428.202465 TUL
|p 005200033621
|q 005200033621
|t TNEY
|y 4
|x 20140630
|
| 852 |
|
|
|a INST
|b CHIOS
|e 20110930
|h 428.202465 TUL
|p 005200033622
|q 005200033622
|t TNEY
|y 4
|x 20200215
|
| 852 |
|
|
|a INST
|b CHIOS
|e 20110930
|h 428.202465 TUL
|p 005200033623
|q 005200033623
|t TNEY
|y 4
|x 20200215
|
| 852 |
|
|
|a INST
|b CHIOS
|e 20110930
|h 428.202465 TUL
|p 005200033624
|q 005200033624
|t TNEY
|y 4
|x 20200215
|
| 852 |
|
|
|a INST
|b CHIOS
|e 20110930
|h 428.202465 TUL
|p 005200033625
|q 005200038407
|t TNEY
|y 0
|
| 852 |
|
|
|a INST
|b CHIOS
|e 20110929
|h 428.202465 TUL
|p 005200033642
|q 005200033642
|t TNEY
|y 4
|x 20200215
|
| 852 |
|
|
|a INST
|b CHIOS
|e 20110923
|h 428.202465 TUL
|p 005200033735
|q 005200033735
|t TNEY
|y 12
|
| 852 |
|
|
|a INST
|b CHIOS
|e 20110923
|h 428.202465 TUL
|p 005200033736
|q 005200033736
|t TNEY
|y 0
|
| 852 |
|
|
|a INST
|b CHIOS
|e 20110923
|h 428.202465 TUL
|p 005200033737
|q 005200033737
|t TNEY
|y 0
|
| 852 |
|
|
|a INST
|b CHIOS
|e 20110923
|h 428.202465 TUL
|p 005200033738
|q 005200033738
|t TNEY
|y 0
|
| 852 |
|
|
|a INST
|b CHIOS
|e 20110923
|h 428.202465 TUL
|p 005200033739
|q 005200033739
|t TNEY
|y 4
|x 20141112
|
| 852 |
|
|
|a INST
|b CHIOS
|e 20110923
|h 428.202465 TUL
|p 005200033740
|q 005200033740
|t TNEY
|y 0
|
| 852 |
|
|
|a INST
|b CHIOS
|e 20110923
|h 428.202465 TUL
|p 005200033741
|q 005200033741
|t TNEY
|y 0
|
| 852 |
|
|
|a INST
|b CHIOS
|e 20110921
|h 428.202465 TUL
|p 005200033742
|q 005200033742
|t TNEY
|y 4
|x 20170228
|
| 852 |
|
|
|a INST
|b CHIOS
|e 20110921
|h 428.202465 TUL
|p 005200033743
|q 005200033743
|t TNEY
|y 0
|
| 852 |
|
|
|a INST
|b CHIOS
|e 20110921
|h 428.202465 TUL
|p 005200033744
|q 005200033744
|t TNEY
|y 0
|
| 852 |
|
|
|a INST
|b CHIOS
|e 20110921
|h 428.202465 TUL
|p 005200033745
|q 005200033745
|t TNEY
|y 0
|
| 852 |
|
|
|a INST
|b CHIOS
|e 20110921
|h 428.202465 TUL
|p 005200033746
|q 005200033746
|t TNEY
|y 0
|
| 852 |
|
|
|a INST
|b CHIOS
|e 20110921
|h 428.202465 TUL
|p 005200033747
|q 005200033747
|t TNEY
|y 4
|x 20160219
|
| 852 |
|
|
|a INST
|b CHIOS
|e 20110921
|h 428.202465 TUL
|p 005200033748
|q 005200033748
|t TNEY
|y 0
|
| 852 |
|
|
|a INST
|b CHIOS
|e 20110921
|h 428.202465 TUL
|p 005200033749
|q 005200033749
|t TNEY
|y 0
|
| 852 |
|
|
|a INST
|b CHIOS
|e 20110921
|h 428.202465 TUL
|p 005200033750
|q 005200033750
|t TNEY
|y 0
|
| 852 |
|
|
|a INST
|b CHIOS
|e 20110926
|h 428.202465 TUL
|p 005200033751
|q 005200033751
|t TNEY
|y 0
|
| 852 |
|
|
|a INST
|b CHIOS
|e 20110923
|h 428.202465 TUL
|p 005200033752
|q 005200033752
|t TNEY
|y 4
|x 20150216
|
| 852 |
|
|
|a INST
|b CHIOS
|e 20110923
|h 428.202465 TUL
|p 005200033753
|q 005200033753
|t TNEY
|y 4
|x 20150216
|
| 852 |
|
|
|a INST
|b CHIOS
|e 20110921
|h 428.202465 TUL
|p 005200033754
|q 005200033754
|t TNEY
|y 0
|
| 852 |
|
|
|a INST
|b CHIOS
|e 20110921
|h 428.202465 TUL
|p 005200033755
|q 005200033755
|t TNEY
|y 0
|
| 852 |
|
|
|a INST
|b CHIOS
|e 20110921
|h 428.202465 TUL
|p 005200033756
|q 005200033756
|t TNEY
|y 0
|
| 852 |
|
|
|a INST
|b CHIOS
|e 20110921
|h 428.202465 TUL
|p 005200033757
|q 005200033757
|t TNEY
|y 0
|
| 852 |
|
|
|a INST
|b CHIOS
|e 20110921
|h 428.202465 TUL
|p 005200033758
|q 005200033758
|t TNEY
|y 4
|x 20170228
|
| 852 |
|
|
|a INST
|b CHIOS
|e 20110921
|h 428.202465 TUL
|p 005200033759
|q 005200033759
|t TNEY
|y 4
|x 20130220
|
| 852 |
|
|
|a INST
|b CHIOS
|e 20110921
|h 428.202465 TUL
|p 005200033760
|q 005200033760
|t TNEY
|y 4
|x 20160219
|
| 852 |
|
|
|a INST
|b CHIOS
|e 20110923
|h 428.202465 TUL
|p 005200033762
|q 005200033762
|t TNEY
|y 0
|
| 852 |
|
|
|a INST
|b CHIOS
|e 20110923
|h 428.202465 TUL
|p 005200033763
|q 005200037343
|t TNEY
|y 0
|
| 852 |
|
|
|a INST
|b CHIOS
|e 20110921
|h 428.202465 TUL
|p 005200033764
|q 005200033764
|t TNEY
|y 0
|
| 852 |
|
|
|a INST
|b CHIOS
|e 20110921
|h 428.202465 TUL
|p 005200033765
|q 005200033765
|t TNEY
|y 0
|
| 852 |
|
|
|a INST
|b CHIOS
|e 20110921
|h 428.202465 TUL
|p 005200033766
|q 005200033766
|t TNEY
|y 0
|
| 852 |
|
|
|a INST
|b CHIOS
|e 20110923
|h 428.202465 TUL
|p 005200033773
|q 005200033773
|t TNEY
|y 0
|
| 852 |
|
|
|a INST
|b CHIOS
|e 20110923
|h 428.202465 TUL
|p 005200033779
|q 005200033779
|t TNEY
|y 0
|
| 852 |
|
|
|a INST
|b CHIOS
|e 20110923
|h 428.202465 TUL
|p 005200033780
|q 005200033780
|t TNEY
|y 0
|
| 852 |
|
|
|a INST
|b CHIOS
|e 20110923
|h 428.202465 TUL
|p 005200033781
|q 005200033781
|t TNEY
|y 0
|
| 852 |
|
|
|a INST
|b CHIOS
|e 20110923
|h 428.202465 TUL
|p 005200033792
|q 005200033792
|t TNEY
|y 4
|x 20130220
|
| 852 |
|
|
|a INST
|b CHIOS
|e 20110923
|h 428.202465 TUL
|p 005200033793
|q 005200033793
|t TNEY
|y 0
|
| 852 |
|
|
|a INST
|b CHIOS
|e 20110923
|h 428.202465 TUL
|p 005200033816
|q 005200033816
|t TNEY
|y 0
|
| 852 |
|
|
|a INST
|b CHIOS
|e 20110923
|h 428.202465 TUL
|p 005200033819
|q 005200033819
|t TNEY
|y 0
|
| 852 |
|
|
|a INST
|b CHIOS
|e 20110923
|h 428.202465 TUL
|p 005200033821
|q 005200033821
|t TNEY
|y 0
|
| 852 |
|
|
|a INST
|b CHIOS
|e 20110923
|h 428.202465 TUL
|p 005200033822
|q 005200033822
|t TNEY
|y 0
|
| 852 |
|
|
|a INST
|b CHIOS
|e 20110923
|h 428.202465 TUL
|p 005200033823
|q 005200033823
|t TNEY
|y 4
|x 20130220
|
| 852 |
|
|
|a INST
|b CHIOS
|e 20110923
|h 428.202465 TUL
|p 005200033824
|q 005200033824
|t TNEY
|y 0
|
| 852 |
|
|
|a INST
|b CHIOS
|e 20110923
|h 428.202465 TUL
|p 005200033825
|q 005200033825
|t TNEY
|y 0
|
| 852 |
|
|
|a INST
|b CHIOS
|e 20110923
|h 428.202465 TUL
|p 005200033829
|q 005200033829
|t TNEY
|y 0
|
| 852 |
|
|
|a INST
|b CHIOS
|e 20110923
|h 428.202465 TUL
|p 005200033831
|q 005200033831
|t TNEY
|y 4
|x 20170228
|
| 852 |
|
|
|a INST
|b CHIOS
|e 20110923
|h 428.202465 TUL
|p 005200033832
|q 005200033832
|t TNEY
|y 0
|
| 852 |
|
|
|a INST
|b CHIOS
|e 20110923
|h 428.202465 TUL
|p 005200033833
|q 005200033833
|t TNEY
|y 0
|
| 852 |
|
|
|a INST
|b CHIOS
|e 20110923
|h 428.202465 TUL
|p 005200033834
|q 005200033834
|t TNEY
|y 4
|x 20140131
|
| 852 |
|
|
|a INST
|b CHIOS
|e 20110923
|h 428.202465 TUL
|p 005200033838
|q 005200033838
|t TNEY
|y 0
|
| 852 |
|
|
|a INST
|b CHIOS
|e 20110923
|h 428.202465 TUL
|p 005200033839
|q 005200033839
|t TNEY
|y 4
|x 20130220
|
| 852 |
|
|
|a INST
|b CHIOS
|e 20110920
|h 428.202465 TUL
|p 005200033851
|q 005200033851
|t TNEY
|y 0
|
| 852 |
|
|
|a INST
|b CHIOS
|e 20110920
|h 428.202465 TUL
|p 005200033852
|q 005200033852
|t TNEY
|y 4
|x 20120215
|
| 852 |
|
|
|a INST
|b CHIOS
|e 20110920
|h 428.202465 TUL
|p 005200033853
|q 005200033853
|t TNEY
|y 4
|x 20130220
|
| 852 |
|
|
|a INST
|b CHIOS
|e 20110920
|h 428.202465 TUL
|p 005200033854
|q 005200033854
|t TNEY
|y 0
|
| 852 |
|
|
|a INST
|b CHIOS
|e 20110920
|h 428.202465 TUL
|p 005200033871
|q 005200033871
|t TNEY
|y 4
|x 20170228
|
| 852 |
|
|
|a INST
|b CHIOS
|e 20110920
|h 428.202465 TUL
|p 005200033872
|q 005200033872
|t TNEY
|y 0
|
| 852 |
|
|
|a INST
|b CHIOS
|e 20110920
|h 428.202465 TUL
|p 005200033873
|q 005200033873
|t TNEY
|y 4
|x 20120215
|
| 852 |
|
|
|a INST
|b CHIOS
|e 20110920
|h 428.202465 TUL
|p 005200033874
|q 005200033874
|t TNEY
|y 0
|
| 852 |
|
|
|a INST
|b CHIOS
|e 20110920
|h 428.202465 TUL
|p 005200033883
|q 005200033883
|t TNEY
|y 4
|x 20160219
|
| 852 |
|
|
|a INST
|b CHIOS
|e 20110920
|h 428.202465 TUL
|p 005200033884
|q 005200033884
|t TNEY
|y 0
|
| 852 |
|
|
|a INST
|b CHIOS
|e 20110920
|h 428.202465 TUL
|p 005200033885
|q 005200033885
|t TNEY
|y 0
|
| 852 |
|
|
|a INST
|b CHIOS
|e 20110920
|h 428.202465 TUL
|p 005200033886
|q 005200033886
|t TNEY
|y 0
|
| 852 |
|
|
|a INST
|b CHIOS
|e 20110920
|h 428.202465 TUL
|p 005200033912
|q 005200033912
|t TNEY
|y 0
|
| 852 |
|
|
|a INST
|b CHIOS
|e 20110920
|h 428.202465 TUL
|p 005200033913
|q 005200033913
|t TNEY
|y 12
|
| 852 |
|
|
|a INST
|b CHIOS
|e 20110920
|h 428.202465 TUL
|p 005200033914
|q 005200033914
|t TNEY
|y 4
|x 20170228
|
| 852 |
|
|
|a INST
|b CHIOS
|e 20110926
|h 428.202465 TUL
|p 005200033915
|q 005200033915
|t TNEY
|y 4
|x 20150629
|
| 852 |
|
|
|a INST
|b CHIOS
|e 20110920
|h 428.202465 TUL
|p 005200033916
|q 005200033916
|t TNEY
|y 0
|
| 852 |
|
|
|a INST
|b CHIOS
|e 20110920
|h 428.202465 TUL
|p 005200033917
|q 005200033917
|t TNEY
|y 0
|
| 852 |
|
|
|a INST
|b CHIOS
|e 20110920
|h 428.202465 TUL
|p 005200033918
|q 005200033918
|t TNEY
|y 0
|
| 852 |
|
|
|a INST
|b CHIOS
|e 20110920
|h 428.202465 TUL
|p 005200033919
|q 005200033919
|t TNEY
|y 0
|
| 852 |
|
|
|a INST
|b CHIOS
|e 20110920
|h 428.202465 TUL
|p 005200033920
|q 005200033920
|t TNEY
|y 4
|x 20150629
|
| 852 |
|
|
|a INST
|b CHIOS
|e 20110920
|h 428.202465 TUL
|p 005200033921
|q 005200033921
|t TNEY
|y 0
|
| 852 |
|
|
|a INST
|b CHIOS
|e 20110920
|h 428.202465 TUL
|p 005200033922
|q 005200033922
|t TNEY
|y 0
|
| 852 |
|
|
|a INST
|b CHIOS
|e 20110920
|h 428.202465 TUL
|p 005200033923
|q 005200033923
|t TNEY
|y 0
|
| 852 |
|
|
|a INST
|b CHIOS
|e 20110920
|h 428.202465 TUL
|p 005200033924
|q 005200033924
|t TNEY
|y 0
|
| 852 |
|
|
|a INST
|b CHIOS
|e 20110920
|h 428.202465 TUL
|p 005200033925
|q 005200038420
|t TNEY
|y 0
|
| 852 |
|
|
|a INST
|b CHIOS
|e 20110920
|h 428.202465 TUL
|p 005200033926
|q 005200033926
|t TNEY
|y 0
|
| 852 |
|
|
|a INST
|b CHIOS
|e 20110920
|h 428.202465 TUL
|p 005200033927
|q 005200033927
|t TNEY
|y 0
|
| 852 |
|
|
|a INST
|b CHIOS
|e 20110920
|h 428.202465 TUL
|p 005200033928
|q 005200033928
|t TNEY
|y 4
|x 20160219
|
| 852 |
|
|
|a INST
|b CHIOS
|e 20110920
|h 428.202465 TUL
|p 005200033929
|q 005200033929
|t TNEY
|y 0
|
| 852 |
|
|
|a INST
|b CHIOS
|e 20110920
|h 428.202465 TUL
|p 005200033930
|q 005200033930
|t TNEY
|y 0
|
| 852 |
|
|
|a INST
|b CHIOS
|e 20110920
|h 428.202465 TUL
|p 005200033931
|q 005200033931
|t TNEY
|y 0
|
| 852 |
|
|
|a INST
|b CHIOS
|e 20110920
|h 428.202465 TUL
|p 005200033932
|q 005200033932
|t TNEY
|y 4
|x 20150216
|
| 852 |
|
|
|a INST
|b CHIOS
|e 20110920
|h 428.202465 TUL
|p 005200033933
|q 005200033933
|t TNEY
|y 0
|
| 852 |
|
|
|a INST
|b CHIOS
|e 20110920
|h 428.202465 TUL
|p 005200033934
|q 005200033934
|t TNEY
|y 12
|
| 852 |
|
|
|a INST
|b CHIOS
|e 20110920
|h 428.202465 TUL
|p 005200033935
|q 005200033935
|t TNEY
|y 0
|
| 852 |
|
|
|a INST
|b CHIOS
|e 20110920
|h 428.202465 TUL
|p 005200033936
|q 005200033936
|t TNEY
|y 4
|x 20140131
|
| 852 |
|
|
|a INST
|b CHIOS
|e 20110920
|h 428.202465 TUL
|p 005200033937
|q 005200033937
|t TNEY
|y 0
|
| 852 |
|
|
|a INST
|b CHIOS
|e 20110920
|h 428.202465 TUL
|p 005200033938
|q 005200033938
|t TNEY
|y 0
|
| 852 |
|
|
|a INST
|b CHIOS
|e 20110920
|h 428.202465 TUL
|p 005200033939
|q 005200033939
|t TNEY
|y 0
|
| 852 |
|
|
|a INST
|b CHIOS
|e 20110920
|h 428.202465 TUL
|p 005200033943
|q 005200033943
|t TNEY
|y 0
|
| 852 |
|
|
|a INST
|b CHIOS
|e 20110920
|h 428.202465 TUL
|p 005200033944
|q 005200033944
|t TNEY
|y 4
|x 20160219
|
| 852 |
|
|
|a INST
|b CHIOS
|e 20110920
|h 428.202465 TUL
|p 005200033945
|q 005200033945
|t TNEY
|y 0
|
| 852 |
|
|
|a INST
|b CHIOS
|e 20110920
|h 428.202465 TUL
|p 005200033946
|q 005200033946
|t TNEY
|y 0
|
| 852 |
|
|
|a INST
|b CHIOS
|e 20110920
|h 428.202465 TUL
|p 005200033947
|q 005200033947
|t TNEY
|y 4
|x 20120215
|
| 852 |
|
|
|a INST
|b CHIOS
|e 20110920
|h 428.202465 TUL
|p 005200033948
|q 005200033948
|t TNEY
|y 0
|
| 852 |
|
|
|a INST
|b CHIOS
|e 20110920
|h 428.202465 TUL
|p 005200033949
|q 005200033949
|t TNEY
|y 0
|
| 852 |
|
|
|a INST
|b CHIOS
|e 20110920
|h 428.202465 TUL
|p 005200033950
|q 005200033950
|t TNEY
|y 0
|
| 852 |
|
|
|a INST
|b CHIOS
|e 20110920
|h 428.202465 TUL
|p 005200033951
|q 005200033951
|t TNEY
|y 0
|
| 852 |
|
|
|a INST
|b CHIOS
|e 20110920
|h 428.202465 TUL
|p 005200033953
|q 005200033953
|t TNEY
|y 0
|
| 852 |
|
|
|a INST
|b CHIOS
|e 20110920
|h 428.202465 TUL
|p 005200033966
|q 005200033966
|t TNEY
|y 0
|
| 852 |
|
|
|a INST
|b CHIOS
|e 20110920
|h 428.202465 TUL
|p 005200033967
|q 005200033967
|t TNEY
|y 0
|
| 852 |
|
|
|a INST
|b CHIOS
|e 20110920
|h 428.202465 TUL
|p 005200033968
|q 005200033968
|t TNEY
|y 4
|x 20160219
|
| 852 |
|
|
|a INST
|b CHIOS
|e 20110920
|h 428.202465 TUL
|p 005200033969
|q 005200033969
|t TNEY
|y 0
|
| 852 |
|
|
|a INST
|b CHIOS
|e 20110920
|h 428.202465 TUL
|p 005200033970
|q 005200033970
|t TNEY
|y 4
|x 20120215
|
| 852 |
|
|
|a INST
|b CHIOS
|e 20110920
|h 428.202465 TUL
|p 005200033971
|q 005200033971
|t TNEY
|y 0
|
| 852 |
|
|
|a INST
|b CHIOS
|e 20110920
|h 428.202465 TUL
|p 005200033972
|q 005200033972
|t TNEY
|y 0
|
| 852 |
|
|
|a INST
|b CHIOS
|e 20110920
|h 428.202465 TUL
|p 005200033973
|q 005200033973
|t TNEY
|y 4
|x 20160630
|
| 852 |
|
|
|a INST
|b CHIOS
|e 20110920
|h 428.202465 TUL
|p 005200033974
|q 005200033974
|t TNEY
|y 0
|
| 852 |
|
|
|a INST
|b CHIOS
|e 20110920
|h 428.202465 TUL
|p 005200033975
|q 005200033975
|t TNEY
|y 0
|
| 852 |
|
|
|a INST
|b CHIOS
|e 20110919
|h 428.202465 TUL
|p 005200033976
|q 005200033976
|t TNEY
|y 0
|
| 852 |
|
|
|a INST
|b CHIOS
|e 20110919
|h 428.202465 TUL
|p 005200033977
|q 005200033977
|t TNEY
|y 0
|
| 852 |
|
|
|a INST
|b CHIOS
|e 20110919
|h 428.202465 TUL
|p 005200033978
|q 005200033978
|t TNEY
|y 4
|x 20160219
|
| 852 |
|
|
|a INST
|b CHIOS
|e 20110919
|h 428.202465 TUL
|p 005200033979
|q 005200033979
|t TNEY
|y 0
|
| 852 |
|
|
|a INST
|b CHIOS
|e 20110919
|h 428.202465 TUL
|p 005200033980
|q 005200033980
|t TNEY
|y 0
|
| 852 |
|
|
|a INST
|b CHIOS
|e 20110919
|h 428.202465 TUL
|p 005200033981
|q 005200033981
|t TNEY
|y 0
|
| 852 |
|
|
|a INST
|b CHIOS
|e 20110919
|h 428.202465 TUL
|p 005200033982
|q 005200033982
|t TNEY
|y 0
|
| 852 |
|
|
|a INST
|b CHIOS
|e 20110919
|h 428.202465 TUL
|p 005200033983
|q 005200033983
|t TNEY
|y 0
|
| 852 |
|
|
|a INST
|b CHIOS
|e 20110919
|h 428.202465 TUL
|p 005200033984
|q 005200033984
|t TNEY
|y 0
|
| 852 |
|
|
|a INST
|b CHIOS
|e 20110919
|h 428.202465 TUL
|p 005200033985
|q 005200033985
|t TNEY
|y 0
|
| 852 |
|
|
|a INST
|b CHIOS
|e 20110926
|h 428.202465 TUL
|p 005200033989
|q 005200033989
|t TNEY
|y 4
|x 20140131
|
| 852 |
|
|
|a INST
|b CHIOS
|e 20111012
|h 428.202465 TUL
|p 005200033990
|q 005200033990
|t TNEY
|y 12
|
| 852 |
|
|
|a INST
|b CHIOS
|e 20110919
|h 428.202465 TUL
|p 005200033991
|q 005200033991
|t TNEY
|y 4
|x 20170228
|
| 852 |
|
|
|a INST
|b CHIOS
|e 20110919
|h 428.202465 TUL
|p 005200033992
|q 005200033992
|t TNEY
|y 0
|
| 852 |
|
|
|a INST
|b CHIOS
|e 20110919
|h 428.202465 TUL
|p 005200033993
|q 005200033993
|t TNEY
|y 0
|
| 852 |
|
|
|a INST
|b CHIOS
|e 20110919
|h 428.202465 TUL
|p 005200033994
|q 005200033994
|t TNEY
|y 0
|
| 852 |
|
|
|a INST
|b CHIOS
|e 20110919
|h 428.202465 TUL
|p 005200033995
|q 005200033995
|t TNEY
|y 0
|
| 852 |
|
|
|a INST
|b CHIOS
|e 20110919
|h 428.202465 TUL
|p 005200033996
|q 005200038240
|t TNEY
|y 4
|x 20200215
|
| 852 |
|
|
|a INST
|b CHIOS
|e 20110919
|h 428.202465 TUL
|p 005200033997
|q 005200033997
|t TNEY
|y 0
|
| 852 |
|
|
|a INST
|b CHIOS
|e 20110919
|h 428.202465 TUL
|p 005200033998
|q 005200033998
|t TNEY
|y 0
|
| 852 |
|
|
|a INST
|b CHIOS
|e 20121105
|h 428.202465 TUL
|p 005200035598
|q 005200035598
|t TNEY
|y 0
|
| 852 |
|
|
|a INST
|b CHIOS
|e 20121105
|h 428.202465 TUL
|p 005200035599
|q 005200035599
|t TNEY
|y 0
|
| 852 |
|
|
|a INST
|b CHIOS
|e 20121105
|h 428.202465 TUL
|p 005200035600
|q 005200035600
|t TNEY
|y 4
|x 20130220
|
| 852 |
|
|
|a INST
|b CHIOS
|e 20121105
|h 428.202465 TUL
|p 005200035601
|q 005200035601
|t TNEY
|y 0
|
| 852 |
|
|
|a INST
|b CHIOS
|e 20121105
|h 428.202465 TUL
|p 005200035602
|q 005200035602
|t TNEY
|y 4
|x 20160219
|
| 852 |
|
|
|a INST
|b CHIOS
|e 20121105
|h 428.202465 TUL
|p 005200035603
|q 005200035603
|t TNEY
|y 0
|
| 852 |
|
|
|a INST
|b CHIOS
|e 20121105
|h 428.202465 TUL
|p 005200035604
|q 005200035604
|t TNEY
|y 0
|
| 852 |
|
|
|a INST
|b CHIOS
|e 20121105
|h 428.202465 TUL
|p 005200035605
|q 005200035605
|t TNEY
|y 0
|
| 852 |
|
|
|a INST
|b CHIOS
|e 20121105
|h 428.202465 TUL
|p 005200035606
|q 005200035606
|t TNEY
|y 0
|
| 852 |
|
|
|a INST
|b CHIOS
|e 20121105
|h 428.202465 TUL
|p 005200035607
|q 005200035607
|t TNEY
|y 0
|
| 852 |
|
|
|a INST
|b CHIOS
|e 20121105
|h 428.202465 TUL
|p 005200035608
|q 005200035608
|t TNEY
|y 0
|
| 852 |
|
|
|a INST
|b CHIOS
|e 20121105
|h 428.202465 TUL
|p 005200035609
|q 005200035609
|t TNEY
|y 0
|
| 852 |
|
|
|a INST
|b CHIOS
|e 20121105
|h 428.202465 TUL
|p 005200035613
|q 005200035613
|t TNEY
|y 0
|
| 852 |
|
|
|a INST
|b CHIOS
|e 20121105
|h 428.202465 TUL
|p 005200035614
|q 005200035614
|t TNEY
|y 4
|x 20180228
|
| 852 |
|
|
|a INST
|b CHIOS
|e 20121105
|h 428.202465 TUL
|p 005200035615
|q 005200035615
|t TNEY
|y 0
|
| 852 |
|
|
|a INST
|b CHIOS
|e 20150702
|h 428.202465 TUL
|p 005200036011
|q 005200036011
|t TNEY
|y 0
|
| 852 |
|
|
|a INST
|b CHIOS
|e 20141007
|h 428.202465 TUL
|p 005200036012
|q 005200036012
|t TNEY
|y 0
|
| 852 |
|
|
|a INST
|b CHIOS
|e 20141007
|h 428.202465 TUL
|p 005200036808
|q 005200036808
|t TNEY
|y 0
|
| 852 |
|
|
|a INST
|b CHIOS
|e 20141007
|h 428.202465 TUL
|p 005200036823
|q 005200036823
|t TNEY
|y 0
|
| 852 |
|
|
|a INST
|b CHIOS
|e 20141007
|h 428.202465 TUL
|p 005200036824
|q 005200036824
|t TNEY
|y 0
|
| 852 |
|
|
|a INST
|b CHIOS
|e 20141007
|h 428.202465 TUL
|p 005200036825
|q 005200036825
|t TNEY
|y 0
|
| 852 |
|
|
|a INST
|b CHIOS
|e 20141007
|h 428.202465 TUL
|p 005200036826
|q 005200036826
|t TNEY
|y 0
|
| 852 |
|
|
|a INST
|b CHIOS
|e 20141007
|h 428.202465 TUL
|p 005200036827
|q 005200036827
|t TNEY
|y 0
|
| 852 |
|
|
|a INST
|b CHIOS
|e 20141007
|h 428.202465 TUL
|p 005200036828
|q 005200036828
|t TNEY
|y 0
|
| 852 |
|
|
|a INST
|b CHIOS
|e 20141007
|h 428.202465 TUL
|p 005200036829
|q 005200036829
|t TNEY
|y 4
|x 20160630
|
| 852 |
|
|
|a INST
|b CHIOS
|e 20151015
|h 428.202465 TUL
|p 005200037333
|q 005200037333
|t TNEY
|y 4
|x 20160219
|
| 852 |
|
|
|a INST
|b CHIOS
|e 20151015
|h 428.202465 TUL
|p 005200037334
|q 005200037334
|t TNEY
|y 0
|
| 852 |
|
|
|a INST
|b CHIOS
|e 20151015
|h 428.202465 TUL
|p 005200037335
|q 005200037335
|t TNEY
|y 0
|
| 852 |
|
|
|a INST
|b CHIOS
|e 20151015
|h 428.202465 TUL
|p 005200037336
|q 005200037336
|t TNEY
|y 0
|
| 852 |
|
|
|a INST
|b CHIOS
|e 20151015
|h 428.202465 TUL
|p 005200037337
|q 005200037337
|t TNEY
|y 0
|
| 852 |
|
|
|a INST
|b CHIOS
|e 20151015
|h 428.202465 TUL
|p 005200037338
|q 005200037338
|t TNEY
|y 4
|x 20160219
|
| 852 |
|
|
|a INST
|b CHIOS
|e 20151015
|h 428.202465 TUL
|p 005200037339
|q 005200037339
|t TNEY
|y 0
|
| 852 |
|
|
|a INST
|b CHIOS
|e 20151015
|h 428.202465 TUL
|p 005200037340
|q 005200037340
|t TNEY
|y 4
|x 20160219
|
| 852 |
|
|
|a INST
|b CHIOS
|e 20151015
|h 428.202465 TUL
|p 005200037341
|q 005200037341
|t TNEY
|y 0
|
| 852 |
|
|
|a INST
|b CHIOS
|e 20151015
|h 428.202465 TUL
|p 005200037342
|q 005200037342
|t TNEY
|y 4
|x 20160630
|
| 852 |
|
|
|a INST
|b CHIOS
|e 20151016
|h 428.202465 TUL
|p 005200037344
|q 005200037344
|t TNEY
|y 0
|
| 852 |
|
|
|a INST
|b CHIOS
|e 20151016
|h 428.202465 TUL
|p 005200037345
|q 005200037345
|t TNEY
|y 0
|
| 852 |
|
|
|a INST
|b CHIOS
|e 20151016
|h 428.202465 TUL
|p 005200037346
|q 005200037346
|t TNEY
|y 0
|
| 852 |
|
|
|a INST
|b CHIOS
|e 20151015
|h 428.202465 TUL
|p 005200037347
|q 005200037347
|t TNEY
|y 0
|
| 852 |
|
|
|a INST
|b CHIOS
|e 20161013
|h 428.202465 TUL
|p 005200038444
|q 005200038444
|t TNEY
|y 4
|x 20170228
|
| 852 |
|
|
|a INST
|b CHIOS
|e 20161013
|h 428.202465 TUL
|p 005200038445
|q 005200038445
|t TNEY
|y 0
|
| 852 |
|
|
|a INST
|b CHIOS
|e 20161013
|h 428.202465 TUL
|p 005200038446
|q 005200038446
|t TNEY
|y 0
|
| 852 |
|
|
|a INST
|b CHIOS
|e 20161013
|h 428.202465 TUL
|p 005200038447
|q 005200038447
|t TNEY
|y 0
|
| 852 |
|
|
|a INST
|b CHIOS
|e 20161013
|h 428.202465 TUL
|p 005200038448
|q 005200038448
|t TNEY
|y 4
|x 20170630
|
| 852 |
|
|
|a INST
|b CHIOS
|e 20161013
|h 428.202465 TUL
|p 005200038449
|q 005200038449
|t TNEY
|y 0
|
| 852 |
|
|
|a INST
|b CHIOS
|e 20161013
|h 428.202465 TUL
|p 005200038450
|q 005200038450
|t TNEY
|y 4
|x 20170630
|
| 852 |
|
|
|a INST
|b CHIOS
|e 20161013
|h 428.202465 TUL
|p 005200038451
|q 005200038451
|t TNEY
|y 0
|
| 852 |
|
|
|a INST
|b CHIOS
|e 20161013
|h 428.202465 TUL
|p 005200038452
|q 005200038452
|t TNEY
|y 0
|
| 852 |
|
|
|a INST
|b CHIOS
|e 20161013
|h 428.202465 TUL
|p 005200038453
|q 005200038453
|t TNEY
|y 0
|
| 852 |
|
|
|a INST
|b CHIOS
|e 20161013
|h 428.202465 TUL
|p 005200038454
|q 005200038454
|t TNEY
|y 0
|
| 852 |
|
|
|a INST
|b CHIOS
|e 20161013
|h 428.202465 TUL
|p 005200038463
|q 005200038463
|t TNEY
|y 0
|
| 852 |
|
|
|a INST
|b CHIOS
|e 20161013
|h 428.202465 TUL
|p 005200038464
|q 005200038464
|t TNEY
|y 0
|
| 852 |
|
|
|a INST
|b CHIOS
|e 20161013
|h 428.202465 TUL
|p 005200038465
|q 005200038465
|t TNEY
|y 4
|x 20170630
|
| 852 |
|
|
|a INST
|b CHIOS
|e 20161013
|h 428.202465 TUL
|p 005200038466
|q 005200038466
|t TNEY
|y 4
|x 20170228
|
| 852 |
|
|
|a INST
|b CHIOS
|e 20180112
|h 428.202465 TUL
|p 005200038469
|q 005200038469
|t TNEY
|y 0
|
| 920 |
|
|
|a Τμήμα Διοίκησης Επιχειρήσεων
|y Χίος
|z 2016-10
|
| 920 |
|
|
|a Τμήμα Ναυτιλίας και Επιχειρηματικών Υπηρεσιών
|y Χίος
|z 2011-09
|
| 920 |
|
|
|a Τμήμα Διοίκησης Επιχειρήσεων
|y Χίος
|z 2011-09
|
| 920 |
|
|
|a Τμήμα Διοίκησης Επιχειρήσεων
|y Χίος
|z 2015-10
|